000
00280nam a22001217a 4500
999
_c
168394
_d
168394
082
_a
_b
100
_a
Claire Kramsch
245
_a
Context and culture in language teaching/
_c
by Claire Kramsch.
260
_a
_b
Oxford,
_c
2009.
300
_a
294p.
650
_a
942
_c
BK